Musik Allgemeinwissen Quiz #1 - Statistiken

Allgemein
  • Dieses Quiz wurde 635 mal gespielt
  • Das Durchschnittsergebnis liegt bei 13 aus 20
Antwortstatistiken
Frage Antwort % Korrekt
Wie heißen die Kaulitz-Brüder mit Vornamen? Bill
93%
Wie oft gewann Schweden den ESC insgesamt? 7-mal
90%
Welche schwedische Band mit vier Buchstaben wurde in den 1970ern mit ihren Songs weltberühmt? ABBA
89%
Von wem stammen Hits wie "You Shook Me All Night Long", "T.N.T." und "Highway to Hell"? AC/DC
89%
Welches Land erreichte den 15. Platz beim ESC 2025? Deutschland
86%
Tom
86%
Führen Sie den Vers weiter: "Ich hab 'ne Zwiebel auf'm Kopf,..." Ich bin ein Döner
83%
Nach welchem Musiker sind süße Kugeln aus Schokolade, Pistazien, Marzipan und Nougat benannt? Wolfgang Amadeus Mozart
83%
Wie alt war das Mädchen mit blondem Haar, das laut Songtext so vor Udo Jürgens stand? 17
82%
Wie heißt die erste Frau mit 100 Mio. Zuhörern monatlich auf Spotify? Taylor Swift
82%
Wie viele seiner Songs hat Elvis Presley selbst geschrieben? 0
80%
In welcher Millionenstadt findet die alljährliche Grammy-Verleihung statt? Los Angeles
66%
Wie heißt die Schlagersängerin Rosenberg mit Vornamen? Marianne
57%
Wie heißt der Frontmann der britischen Band Coldplay? Chris Martin
44%
Welcher deutsche Rapper hat Hits wie "Meer", "Bamba" und "Beautiful Girl" und heißt bürgerlich Patrick Großmann? Luciano
39%
Welches deutsches Rap-Duo hatte einen Hit namens "Holz"? 257ers
38%
Von wem stammen Hits wie "Gott muss ein Seemann sein", "Wie Zuhause" und "Mädchen von Haithabu"? Santiano
37%
Von welcher US-amerikanischen Stadt träumt die Protagonistin in einem gleichnamigen Song von Clueso? Chicago
36%
Womit schützt die Schweizer Rapperin Loredana laut einem ihrer Lieder ihre Identität? Sonnenbrille
34%
Welcher britische Rockmusiker benannte sich 1978 in Yusuf Islam um? Cat Stevens
25%
Keine übereinstimmenden Quizze gefunden
Verteilung der Resultate
Anzahl Personen mit jedem Resultat
Perzentil nach korrekt beantworteten Fragen
Ihre Resultats-Entwicklung
Sie haben dieses Quiz noch nicht gespielt